Documento propiedad de Don Manuel de la Borda (Record no. 4685)

MARC details
000 -CABECERA
campo de control de longitud fija 02577nam a2200325 a 4500
001 - NÚMERO DE CONTROL
campo de control BRCA_4991
005 - FECHA Y HORA DE LA ÚLTIMA TRANSACCIÓN
campo de control 20190320204907.0
008 - DATOS DE LONGITUD FIJA--INFORMACIÓN GENERAL
campo de control de longitud fija 281010m17961797mx-######v---#000-0#spa-#
041 ## - CÓDIGO DE LENGUA
Código de lengua del texto/banda sonora o título independiente spa
044 ## - CÓDIGO DEL PAÍS DE LA ENTIDAD EDITORA/PRODUCTORA
Código MARC del país mx
084 ## - OTRO NÚMERO DE CLASIFICACIÓN
Número de clasificación DOC69
Número de documento/Ítem .B67
-- 1797
100 1# - ENTRADA PRINCIPAL--NOMBRE DE PERSONA
Nombre de persona Borda, Manuel de la
9 (RLIN) 12713
245 10 - MENCIÓN DE TÍTULO
Título Documento propiedad de Don Manuel de la Borda
Mención de responsabilidad, etc. Manuel de la Borda ; Matiana Velásquez ; Joaquín Romero Caamaño.
260 ## - PUBLICACIÓN, DISTRIBUCIÓN, ETC.
Lugar de publicación, distribución, etc. México
Fecha de publicación, distribución, etc. 1796-1797
300 ## - DESCRIPCIÓN FÍSICA
Extensión [113] fojas, encuadernadas
Dimensiones 32 x 21 cm.
500 ## - NOTA GENERAL
Nota general Documento que contiene varios asuntos firmados y fechados entre 1796 y 1797.
500 ## - NOTA GENERAL
Nota general Libro N. 4. Cuenta de Albaceazgo del año 1797 de Doña María Matiana Velásquez y el Señor Manuel de la Borda
500 ## - NOTA GENERAL
Nota general El documento contiene la Leyenda DOC.# 229
500 ## - NOTA GENERAL
Nota general Estado de conservación: contiene lagunas en gran parte del documento y manchas de acidez a partir de la foja 103.
505 0# - NOTA DE CONTENIDO CON FORMATO
Nota de contenido con formato foja[3-18]: testamentaria de Don Manuel de la Borda y su Albacea Doña Matiana Velásquez, instruidos por su cuenta general con Don Joaquín Romero Camaño como Albacea de los dos en prosecución de los anteriores.-- Fojas [19-21]: cuenta y razón del producto de arrendamientos que han tenido las casas de esa ciudad (México) pertenecientes a la testamentaria del señor Don Manuel de la Borda. fechado el 31 de diciembre de 1796.-- Fojas [22-38]: cuenta del cargo recibido de los arrendamientos que rindieron las casas de esa ciudad pertenecientes a la Testamentaria en ese año y la ´data´ en los gastos erogados para las atenciones de los herederos. Firmado por Jerónimo Deza.-- Fojas [39-43]: cuenta de vestidos y demás ropa que se le ha hecho al niño José Manuel de la Borda. Firmado por Mauricio Cervantín.-- Fojas [45-48]: liquidación y revisión de la cuenta que antecede con arreglo a las partidas de que se compone y a los documentos de comprobación a que se refieren, para su gobierno al por mayor.-- Fojas [49-56]: factura de los efectos que se recibieron de la Hacienda de Santa Rosa del Malpaso. Firmado por Nicolás Zelaya. fojas [57-113] diversos asuntos mas.
506 0# - NOTA DE RESTRICCIONES AL ACCESO
Limitaciones de acceso Fondo Reservado. Para su consulta es necesario credencial de usuario y carta de motivos.
546 ## - NOTA DE LENGUA/LENGUAJE
Nota de lengua/lenguaje Texto en: español de finales del siglo XVIII
600 14 - PUNTO DE ACCESO ADICIONAL DE MATERIA--NOMBRE DE PERSONA
Nombre de persona Borda, Manuel de la
Subdivisión general Historia
9 (RLIN) 12714
650 14 - PUNTO DE ACCESO ADICIONAL DE MATERIA--TÉRMINO DE MATERIA
Término de materia o nombre geográfico como elemento de entrada Documentos legales
9 (RLIN) 12715
651 #4 - PUNTO DE ACCESO ADICIONAL DE MATERIA--NOMBRE GEOGRÁFICO
Nombre geográfico México
Subdivisión general Historia
Subdivisión cronológica Colonia, 1521-1821
9 (RLIN) 12461
700 1# - PUNTO DE ACCESO ADICIONAL--NOMBRE DE PERSONA
Nombre de persona Velásquez, Matiana
9 (RLIN) 12716
700 1# - PUNTO DE ACCESO ADICIONAL--NOMBRE DE PERSONA
Nombre de persona Romero Caamaño, Joaquín
9 (RLIN) 12717
902 ## - CATALOGADOR
Iniciales FDH
942 ## - ELEMENTOS DE PUNTO DE ACCESO ADICIONAL (KOHA)
Fuente del sistema de clasificación o colocación Library of Congress Classification
Tipo de ítem Koha Documentos
Holdings
Estado de retiro Estado de pérdida Estado dañado No para préstamo Localización permanente Ubicación/localización actual Fecha de adquisición Total de préstamos Signatura topográfica completa Código de barras Fecha visto por última vez Precio válido a partir de Tipo de ítem Koha
El ejemplar forma parte de la colección y puede ser consultado según las políticas vigentes.       Biblioteca del Museo Franz Mayer (Rogerio Casas-Alatriste) Biblioteca del Museo Franz Mayer (Rogerio Casas-Alatriste) 28/10/2010   DOC69 .B67 1797 5075 22/03/2019 22/03/2019 Documentos